000 00685nam a2200253Ia 4500
003 OSt
005 20220918164943.0
006 a|||||r|||| 00| 0
007 ta
008 220917b |||||||| |||| 00| 0 eng d
020 _a0826207871 (hbk)
024 _a12,602
037 _cTextual
040 _aARTS
_cARTS
_beng
041 _2eng
_aeng
082 _aO111,3:g, N1
100 _aHeilman Robert Bechtold
_921927
245 0 _aWorkings of fiction
260 _aColumbia
_bUniv Of Missouri Press
_c1991
300 _axiii,384p.
_ccm.
650 _aENGLISH LITERATURE
942 _hO111,3:g, N1
_cTEXL
_2CC
999 _c127642
_d127642